[Event "ESP-chT Div Honor 2018"]
[Site "Linares"]
[Date "2018.08.09"]
[Round "4"]
[White "Lopez Martinez, Josep Manuel"]
[Black "Santos Ruiz, Miguel"]
[Result "1/2-1/2"]
[WhiteElo "2585"]
[BlackElo "2517"]
[Annotator "TA"]
[PlyCount "93"]
[EventDate "2018.08.06"]
[EventType "team-tourn"]
[EventCountry "ESP"]
[SourceTitle "playchess.com"]
[Source "ChessBase"]
[SourceQuality "1"]

{[%evp 16,93,8,3,24,20,20,16,9,0,27,20,26,26,37,0,36,19,32,21,55,40,21,0,0,0,0,0,0,0,0,0,0,-1,-1,-1,-1,-1,-1,-1,-1,-35,0,-20,-19,-27,-16,-4,-11,-24,-18,-18,-23,-27,54,61,90,93,93,97,104,0,0,0,0,0,0,-71,0,0,0,0,0,0,0,0,0,0,0,0]} 1. d4 Nf6 2. c4 e6 3. Nf3 d5 4. Nc3 c6 5. Bg5 h6 6. Bxf6 Qxf6 7. e3 g6 8. Be2 {D43: Damengambit (Botwinnik-Variante)} Nd7 9. O-O {LiveBook: 28 Partien} Be7 $146 ({Vorgänger:} 9... Bg7 10. e4 dxc4 11. e5 Qe7 12. Bxc4 O-O 13. Qe2 b5 14. Bd3 Bb7 15. Be4 Rab8 16. Rac1 a6 17. Rfd1 Rfd8 18. a3 c5 19. Bxb7 Rxb7 20. Qe4 Rbb8 21. d5 exd5 22. Nxd5 Qe6 23. Nf4 Qe7 24. Nd5 Qe6 25. Nf4 Qe7 26. Nd5 {½-½ (26) Lenic,L (2662)-Van Wely,L (2656) chess.com INT 2018}) 10. Nd2 {Weiß hat minimalen Vorteil.} O-O 11. f4 Rd8 12. Kh1 b6 13. Nf3 Bb7 14. cxd5 cxd5 15. Bd3 Qg7 16. g4 Nf6 17. Ne5 Ne4 18. Bxe4 $1 dxe4 19. f5 {zielt auf Db3 ab.} Bf6 $1 {[%cal Rf6e5]} 20. fxe6 fxe6 21. Qb3 Bd5 22. Nxd5 exd5 23. g5 Bxe5 24. gxh6 Qe7 25. dxe5 Qxe5 26. Rf4 Rf8 27. Rd1 Rxf4 28. Rxd5 Rf1+ 29. Kg2 Rf2+ 30. Kxf2 Qxh2+ $11 {[%mdl 4096] Endspiel KDT-KDT} 31. Ke1 $132 {[%mdl 2048] Weiss will mit Td7+ Matt setzen. Weiss is fighting back} Qg1+ 32. Kd2 Qf2+ 33. Kc1 {Beabsichtigt Td7+ und Matt.} Kh7 34. Qc3 {[%csl Gh6][%cal Rc3g7]} Qf8 ({Günstiger ist} 34... Qf7 $11) 35. Qc7+ $14 Kxh6 36. Qh2+ Kg7 {Schwarz will ...Tc8+ spielen.} 37. Rd7+ {[%mdl 1024] Weiss hat starke Kompensation.} Kf6 {[#]} 38. Rc7 (38. Rd1 $1 $16 {[%cal Rd1f1]} Rc8+ 39. Kb1) 38... Ke6 $1 $11 39. Qe2 Rd8 40. Qc4+ Ke5 41. b4 {[#]} (41. Qc3+ $11 Kf5 42. Qc2) 41... Qd6 (41... Rd3 $1 $17 42. Qb5+ Rd5) 42. Qc3+ $1 {Die Stellung ist ausgeglichen.} Kf5 43. Rf7+ Kg5 {Weiss muss nun ...Dd1+ beachten.} 44. Rf1 Rd7 45. Rg1+ Kf5 {Droht stark ...Tc7.} 46. Rf1+ Kg5 47. Rg1+ {Precision: Weiß = 68%, Schwarz = 62%.} 1/2-1/2

[Event "ESP-chT Div Honor 2018"]
[Site "Linares"]
[Date "2018.08.09"]
[Round "4"]
[White "Santos Latasa, Jaime"]
[Black "Aroshidze, Levan"]
[Result "1-0"]
[WhiteElo "2582"]
[BlackElo "2504"]
[Annotator "TA"]
[PlyCount "65"]
[EventDate "2018.08.06"]
[EventType "team-tourn"]
[EventCountry "ESP"]
[SourceTitle "playchess.com"]
[Source "ChessBase"]
[SourceQuality "1"]

{[%evp 14,65,65,47,85,67,75,62,70,61,89,89,92,82,95,89,93,89,245,245,241,233,227,226,296,301,276,289,444,425,422,409,428,433,418,398,588,585,651,592,837,766,778,776,754,744,725,720,1172,1138,1627,1277,1394,1380]} 1. c4 Nf6 2. Nc3 c5 3. Nf3 b6 4. e3 g6 5. d4 Bg7 6. d5 {A47: 1 d4 Nf6 2 Nf3 b6: Torre, London and Colle Systems} O-O 7. e4 (7. Bd3 e6 8. O-O exd5 9. cxd5 d6 10. h3 Ba6 11. e4 Re8 12. Re1 Bxd3 13. Qxd3 {½-½ (36) Roiz,M (2605)-Flores,D (2595) Baku 2016 CBM 175 [Roiz,M]}) 7... d6 8. h3 {LiveBook: 9 Games. White is slightly better.} e5 9. g4 Na6 $146 ({Predecessor:} 9... Ne8 10. Bd3 a6 11. Be3 Ra7 12. Rg1 Bf6 13. a3 {½-½ (26) Ivanov,J (2371)-Dolezal,C (2425) Roquetas de Mar 2008}) 10. Be3 Nc7 11. a3 Nfe8 12. Rg1 Kh8 13. Bd3 a6 14. b4 Qe7 15. Rb1 {And now Na4 would win.} f5 $2 {[#]} (15... Bd7 $16) 16. bxc5 $18 bxc5 17. gxf5 gxf5 18. exf5 e4 19. Nxe4 Bxf5 20. Neg5 Qf6 (20... Bd4 {was necessary.}) 21. Nh4 Qc3+ 22. Ke2 Bxd3+ 23. Qxd3 Qxd3+ 24. Kxd3 Bf6 (24... Rd8 $142 25. Rb7 Be5) 25. Nf5 {White is clearly winning.} Rd8 26. Nh6 Bxg5 27. Rxg5 Rd7 28. Rb8 {[#] Threatening mate with Bc1.} Rg7 29. Rf5 Rxf5 30. Nxf5 Rg6 31. Bf4 Rf6 32. Bxd6 Rxf5 33. Bxc7 {Precision: White = 88%, Black = 27%.} 1-0

[Event "ESP-chT Div Honor 2018"]
[Site "Linares"]
[Date "2018.08.09"]
[Round "4"]
[White "Volkov, Sergey"]
[Black "Vidit, Santosh Gujrathi"]
[Result "1/2-1/2"]
[WhiteElo "2557"]
[BlackElo "2715"]
[Annotator "TA"]
[PlyCount "266"]
[EventDate "2018.08.06"]
[EventType "team-tourn"]
[EventCountry "ESP"]
[SourceTitle "playchess.com"]
[Source "ChessBase"]
[SourceQuality "1"]

{[%evp 17,266,2,2,-13,0,-15,0,0,0,-12,0,-10,0,0,7,0,0,0,15,0,12,0,0,0,5,6,17,0,0,0,0,0,0,0,0,0,0,0,0,0,0,0,0,-14,0,0,64,0,10,16,10,11,86,80,196,89,83,87,106,-30,-29,-62,-57,-82,-75,-76,-88,-85,-93,-123,-43,-43,-43,-43,-43,-43,-43,-43,-43,-43,-43,-162,-26,-43,-43,-43,-46,-162,-162,-162,-162,-162,-162,-162,-162,-162,-162,-162,-162,-162,-162,-162,-137,-194,-194,-217,-231,-217,0,-212,0,-212,-187,-187,-202,-217,-162,-162,-162,-162,-85,-111,-93,-105,-133,-162,-114,-162,-88,-162,-39,-39,-39,-39,-12,-14,0,-19,-7,-26,0,-26,-26,-38,0,-38,-38,-102,-108,-108,-114,-143,0,-162,0,-217,-187,-192,-187,-184,-162,-162,-162,-162,-162,-162,-157,-217,-217,-217,-217,-7483,-5181,-2302,-2302,-12839,-12839,-12840,-122,-217,0,0,0,-12840,-12840,-12841,-12841,-12841,-12842,-12842,-12839,-12845,-12839,-12839,-12839,-12840,-12839,-12840,-12840,-12848,-12846,-12846,-12841,-12841,-12841,-12848,-12839,-12839,-12839,-12840,-12839,-12848,0,-12840,0,-12848,-12848,-12850,-12850,-29967,-29968,-12851,-12851,-12851,-12851,-12851,-29977,-29977,-29978,-29981,-29979,-29979,0,0,0,0,0,0,0,0,0,0,0,0,0,0,0,0,0,0,0]} 1. d4 Nf6 2. c4 e6 3. Nf3 d5 4. e3 b6 5. b3 Bb7 6. Bb2 Bd6 7. Bd3 O-O 8. O-O Nbd7 9. Qe2 Ne4 {LiveBook: 6 Games. E14: Queen's Indian: Classical Variation (4 e3)} 10. cxd5 exd5 11. Ba6 Qc8 $146 ({Predecessor:} 11... Bxa6 12. Qxa6 Qf6 13. Nc3 Qh6 14. h3 Nxc3 15. Bxc3 Nf6 16. Bb2 Ne4 17. Rac1 {1-0 (56) Zubov,A (2612)-Chkhaidze,N (2372) Batumi 2017}) 12. Bxb7 Qxb7 13. Nc3 a6 14. Ne5 Nxc3 15. Bxc3 Nf6 16. Rac1 Rfe8 17. Bb2 Ne4 18. Rc2 f6 19. Nc6 Qc8 20. a4 Qf5 21. Ra1 Qd7 22. b4 Bf8 23. b5 axb5 24. Qxb5 Qe6 25. Qb3 Kh8 26. h3 Bd6 27. a5 bxa5 28. Rxa5 Rxa5 29. Nxa5 g5 30. Ba3 c5 31. Bxc5 Rb8 (31... g4 $11 32. Nb7 Bc7) 32. Qa2 ({White should play} 32. Nb7 $14) 32... Nxc5 33. dxc5 Bc7 34. Nb3 $1 {[%cal Rb3d4]} d4 (34... g4 $1 $11 {keeps the balance.} 35. Nd4 Qe5) 35. Nd2 $16 Qd7 (35... Qe5 $16 36. Nf1 (36. Nf3 Qd5 $14) 36... dxe3) 36. Qa1 (36. exd4 $1 $18 {is more deadly.} Qxd4 37. Nf1) 36... Qf5 37. Rb2 Rg8 38. Qa7 (38. exd4 $16 Qf4 39. g3 (39. Nf3 g4 $16) 39... Qxd4 40. Ra2 Qxa1+ 41. Rxa1) 38... dxe3 $11 39. Nf1 ({But not} 39. fxe3 Qe5 $17) 39... Qd7 40. Qa6 Be5 41. Re2 exf2+ 42. Rxf2 Bd4 43. Kh1 Bxf2 (43... g4 $1 $17 {[%cal Rg4h3]} 44. Rd2 gxh3) 44. Qxf6+ $15 Qg7 45. Qxf2 {[%mdl 4096] Endgame KQR-KQN} Rf8 46. Qe1 $1 Qd4 47. Ng3 Ra8 ({Much less strong is} 47... Qxc5 48. Qa1+ Kg8 49. Qa2+ Rf7 50. Qa8+ Qf8 51. Qd5 $17) 48. Kh2 $1 Qxc5 49. Qe6 ({White has to play} 49. Qe4 $1 $15 Rf8 50. Qe1) 49... Qc7 (49... Rf8 $1 $19 {Threatens to win with ...Qb5.} 50. Nh5 Qc7+ 51. Kg1 Qa7+ 52. Kh2 Qc7+ 53. Kg1 Qa7+ 54. Kh2 Qc7+) 50. Qf6+ Qg7 51. Qe6 Rd8 {And now ...Rf8 would win.} 52. Kh1 (52. Qe4 $15) 52... Rf8 $19 53. Nh5 Rf1+ 54. Kh2 Qc7+ 55. Ng3 Rf8 56. Qe3 Qf4 57. Qc3+ Kg8 58. Kh1 Rb8 59. Qd3 Qe5 60. Qc4+ (60. h4 $17) 60... Kh8 61. Qd3 Rc8 62. Qf3 Rb8 63. Qd3 $1 Kg8 64. Qc4+ $1 Kg7 65. Qd3 Rf8 66. Qd7+ Kh6 67. Qd3 Rf6 68. Qd8 Qf4 (68... Rf7 $1 $19 69. Qb6+ Qf6) 69. Qd3 Qc1+ 70. Kh2 Qc7 71. Kh1 Qf4 72. Kg1 Rf7 (72... Qe5 $1 $19 73. Qd8 Qc5+ 74. Kh2 Rf8) 73. Kh1 (73. Qa6+ $17 Rf6 74. Qa3) 73... Qf6 (73... Qe5 $1 $19 74. Qa6+ Rf6) 74. Qe2 Qg6 75. Kh2 Rf4 76. Qd1 Qf7 77. Qd6+ Kg7 78. Qe5+ Rf6 79. Qc3 Qg6 {Hoping for ...Kh6.} 80. Qe5 Kh6 81. Qe2 Rf8 82. Qd1 {[#]} ({White should try} 82. Qd2 $15) 82... Qf6 $1 $17 {[%cal Rf6e5] White must now prevent ...Qe5.} 83. Qe2 Qf4 {aiming for ...Rf6.} 84. Qd3 Qe5 85. Kh1 $1 Kg7 (85... Rf7 $142 86. Qa6+ Rf6) 86. Qd7+ $1 $19 Kh8 87. Qd3 Rb8 88. Qf3 h6 89. Qd3 Rf8 90. Kg1 Re8 91. Kh1 Rg8 92. Qf3 (92. Qa6 $17 Kh7 93. Qd3+ Rg6 94. Nh5) 92... Rc8 93. Kh2 Kg7 94. Kg1 $2 (94. Qb7+ Rc7 95. Qf3) 94... Rc1+ 95. Kh2 Rc3 96. Qf2 h5 97. Qa7+ Kf8 $2 (97... Rc7 $19 {and Black stays clearly on top.} 98. Qd4 Qxd4 99. Nf5+ Kf6 100. Nxd4 h4) 98. Qf2+ {[#]} (98. Qa8+ $17 {was worth a try.} Kg7 99. Qb7+ Kh8 100. Qa8+ Kg7 101. Qb7+ Kh8 102. Qa8+ Kg7) 98... Kg8 $2 (98... Ke8 $1 $19 99. Qe2 Qxe2 100. Nxe2 Re3) 99. Qa2+ $11 Kg7 $2 {[%mdl 8192]} (99... Kh8 $11 100. Qa8+ Kg7 101. Qb7+ Kh8 102. Qa8+ Kg7 103. Qb7+ Kh8 104. Qa8+) 100. Qa7+ $19 Rc7 101. Qd4 Qxd4 102. Nf5+ Kf6 103. Nxd4 {KR-KN} Ke5 104. Ne2 Rc2 105. Ng3 h4 106. Nf1 Kf4 107. Kg1 Ra2 108. Kh1 Ke4 109. Kg1 Kd3 110. Nh2 Ke3 111. Nf3 Kf4 112. Nh2 Rb2 113. Nf1 Rc2 114. Kh1 Rb2 115. Kg1 Ra2 $2 (115... Ke4 $19 116. Nh2 Kf4 117. Nf1) 116. Kh1 $2 {[%mdl 8192]} (116. Nh2 $11 Rb2 117. Nf1) 116... g4 117. hxg4 h3 118. gxh3 Kf3 119. g5 Kf2 120. Kh2 Kf3+ ({Weaker is} 120... Kxf1+ 121. Kg3 $11) 121. Kh1 Ra1 122. Kg1 Ke2 123. Kg2 Rxf1 {KR-KPP} 124. h4 Ra1 $2 (124... Rf4 {mates} 125. Kg3 Rf1 126. Kg4 Ke3 127. Kh5 Kf4 128. Kh6 Kf5 129. Kg7 Rg1 130. Kf7 Rg4 131. h5 Kxg5 132. Ke6 Kh6 133. Kf6 Rg5 134. Ke7 Kh7 135. Kf7 Rxh5 136. Kf6 Rb5 137. Ke7 Kg6 138. Kd6 Kf6 139. Kc6 Rh5 140. Kd6 Kf7 141. Kc7 Ke6 142. Kc6 Ke7 143. Kc7 Rh6 144. Kc8 Kd6 145. Kb7 Kd7 146. Ka8 Kc8 147. Ka7 Kc7 148. Ka8 Ra6#) 125. g6 $11 {g7 is the strong threat.The position is equal.} Ra6 (125... Ra4 $5 126. Kg3 $8 Ra1 $11) 126. h5 Ra5 {( -> ...Rg5+)} 127. Kg3 Rxh5 {KR-KP} 128. Kf4 {Strongly threatening g7.} Ra5 129. g7 Ra8 130. Kf5 Kf3 131. Kf6 Rg8 132. Kf7 Rxg7+ 133. Kxg7 Ke4 {Precision: White = 48%, Black = 49%.} 1/2-1/2

[Event "ESP-chT Div Honor 2018"]
[Site "Linares"]
[Date "2018.08.09"]
[Round "4"]
[White "Del Rio De Angelis, Salvador G"]
[Black "Ibarra Jerez, Jose Carlos"]
[Result "1-0"]
[WhiteElo "2525"]
[BlackElo "2570"]
[Annotator "TA"]
[PlyCount "63"]
[EventDate "2018.08.06"]
[EventType "team-tourn"]
[EventCountry "ESP"]
[SourceTitle "playchess.com"]
[Source "ChessBase"]
[SourceQuality "1"]

{[%evp 24,63,0,2,34,19,39,18,57,55,60,52,65,54,63,45,56,56,52,52,53,54,199,175,162,167,427,406,425,418,463,462,627,617,981,976,977,969,944,944,872,765]} 1. d4 Nf6 2. c4 e6 3. Nc3 d5 4. Bg5 Be7 5. e3 O-O 6. Nf3 h6 7. Bh4 b6 8. Qb3 Bb7 9. Bxf6 Bxf6 10. cxd5 exd5 11. Be2 c6 12. O-O Nd7 13. Rfe1 {[#] LiveBook: 18 Games. D58: Queen's Gambit Declined: Tartakower Defence} (13. Rad1 Be7 14. Bd3 Nf6 15. Ne5 Bd6 16. f4 c5 17. Bf5 c4 18. Qc2 a6 19. g4 b5 20. Qg2 b4 21. Ne2 g6 {1-0 (29) Matlakov,M (2694)-Terrieux,K (2439) Montpellier 2015}) 13... a5 $146 ({Predecessor:} 13... b5 14. e4 dxe4 15. Nxe4 Be7 16. Rad1 Qb6 17. Ng3 Rfe8 18. Bd3 Bf6 19. Bg6 Rf8 20. Bb1 c5 {1-0 (31) Dambacher,M (2496)-Dervishi,E (2581) Germany 2015}) 14. Rad1 b5 15. Bd3 {White is slightly better.} b4 16. Na4 c5 17. Nxc5 Nxc5 18. dxc5 Qe7 19. Rc1 {Black must now prevent c6.} Rfc8 20. Qc2 Rc7 $1 21. Nd4 Rac8 $1 {[%cal Rc7c5]} 22. c6 Ba8 ({Black should try} 22... Bxc6 $1 $14 23. Nxc6 Rxc6 24. Qxc6 Rxc6 25. Rxc6 g6) 23. Bh7+ Kh8 24. Bf5 $36 {[%mdl 2048] Black is under strong pressure.} Rxc6 $2 {[#]} (24... Rd8 25. g3 g6) 25. Nxc6 $18 Rxc6 26. Qa4 $1 {[%csl LRa5,LRc6]} Rc4 27. Qxa5 {White is clearly winning.} Qb7 28. Bd3 g6 29. Bxc4 dxc4 30. e4 c3 31. bxc3 bxc3 32. Rxc3 {Precision: White = 93%, Black = 21%.} 1-0

[Event "ESP-chT Div Honor 2018"]
[Site "Linares"]
[Date "2018.08.09"]
[Round "4"]
[White "Korneev, Oleg"]
[Black "Forcen Esteban, Daniel"]
[Result "1/2-1/2"]
[WhiteElo "2513"]
[BlackElo "2569"]
[Annotator "TA"]
[PlyCount "201"]
[EventDate "2018.08.06"]
[EventType "team-tourn"]
[EventCountry "ESP"]
[SourceTitle "playchess.com"]
[Source "ChessBase"]
[SourceQuality "1"]

{[%evp 18,201,0,-2,41,37,41,31,48,47,32,22,43,44,36,0,0,0,0,0,34,31,61,13,86,65,115,117,252,256,273,111,101,131,109,0,59,75,93,-62,0,0,69,0,0,-53,-62,-47,17,0,0,0,0,0,0,0,0,0,40,29,51,0,85,53,75,80,76,70,78,50,42,63,60,23,23,23,23,23,33,23,23,23,83,23,23,23,23,23,23,23,23,23,23,23,24,12,30,8,8,8,8,8,8,8,8,0,8,8,8,8,8,8,8,8,9,8,9,9,9,9,9,9,9,9,9,9,12,8,8,8,8,7,8,7,8,0,0,0,8,8,8,8,8,7,8,8,8,8,8,7,8,8,8,8,8,8,8,8,8,8,8,0,8,0,8,0,0,0,0,0,8,0,8,8,8,8,8,8,8,8,8,8,8,0,0,0]} 1. e4 {[%cal Be2e4,Be4e5][%mdl 32]} c5 2. c3 Nf6 {[%cal Bg8f6,Bf6d5,Bd5b4][%mdl 32]} 3. e5 Nd5 4. d4 cxd4 5. Nf3 Nc6 6. cxd4 d6 7. Bc4 dxe5 8. dxe5 Ndb4 9. Qb3 e6 {B22: Sicilian: 2 c3} 10. O-O {LiveBook: 61 Games} a6 (10... Na5 11. Bb5+ Bd7 12. Qa4 Bxb5 13. Qxb5+ Nac6 14. Nc3 a6 15. Qe2 Qd3 16. Rd1 Qxe2 17. Nxe2 {0-1 (44) Paichadze,L (2556)-Kasimdzhanov,R (2712) Nakhchivan 2015}) 11. Bg5 Qc7 {White is slightly better.} 12. Nbd2 $146 ({Predecessor:} 12. Qc3 h6 13. Bh4 Bd7 14. a3 Nd5 15. Bxd5 exd5 16. Qd3 Be6 17. Nc3 {1-0 (37) Ivanov,V (2375)-Gorelov,S (2485) Moscow 1996}) 12... Nxe5 13. Nxe5 Qxe5 14. Nf3 Qc7 15. Qc3 {[%mdl 1024] aiming for Rfe1. White has compensation.} Nc6 16. Rfe1 Qa5 $1 17. Qc2 Bb4 18. Re4 Bd7 19. Rd1 $36 {[%mdl 2048] White is pushing.} Be7 20. Bd2 (20. b4 $5 Qd8 21. Rg4 $16 (21. Qd2 Bxg5 22. Nxg5 Qe7 $11)) 20... Qc5 (20... Qd8 $11) 21. Bc3 $16 b5 22. b4 (22. Bxg7 Rg8 $17) 22... Qh5 (22... Qf5 $16) 23. Be2 $1 $18 ({Not} 23. Bxg7 Rg8 $17) 23... Qh6 24. Ne5 (24. Re3 $18) 24... Nxe5 $16 25. Bxe5 {Strongly threatening Rxd7!} Rc8 26. Qb2 ({Of course not} 26. Qd3 $6 Bc6 $11) (26. Bc7 $1 $16 Qg6 27. Rxd7 $1 {[%mdl 512]} Kxd7 28. Rd4+ Ke8 29. Qc6+ Kf8 30. Qxa6) 26... f6 (26... Bf6 $1 $11) 27. Bg3 $1 $14 {And now Qd4 would win.} Qg6 28. Qd4 $2 (28. Re3 $1 $16) 28... Rd8 (28... Kf7 $15) 29. Bc7 $11 e5 (29... Bc6 $11 30. Bh5 Qxh5 31. Bxd8 e5) 30. Qe3 (30. Qd2 $14 Bh3 31. Bh5 Rxd2 32. Bxg6+ hxg6 33. Rxd2) 30... Rc8 31. Bxe5 ({White should play} 31. Rxd7 $11 Kxd7 32. Bg4+ Kxc7 33. Qa7+ Kc6 34. Qxa6+ Kc7 35. Qa7+ Kc6 36. f3) 31... Bf5 $15 ({Much worse is} 31... fxe5 $6 32. Rxe5 Qf6 33. Rxd7 $1 $16 {[%mdl 512]}) 32. Rh4 $1 O-O (32... fxe5 $15 33. Bh5 Bxh4 34. Qxe5+ Kf8 35. Bxg6 hxg6 36. Qd6+ Kg8 37. Qxa6 Kh7 38. Qxb5 Rhd8) 33. Bh5 Qg5 34. Qxg5 fxg5 35. Rhd4 Rc2 36. Bf3 Be6 37. a3 Rfc8 38. h3 Ra2 39. Re1 (39. R4d3 $14) 39... Bf8 (39... Rxa3 $11 {keeps the balance.} 40. Bxg7 Kxg7 41. Rxe6 Rc7) 40. Bd6 Bf7 {[#]} 41. Bxf8 $1 Kxf8 42. Bb7 Rb8 43. Bxa6 Rxa3 {[#]} 44. Bxb5 $1 {[%mdl 512]} Rb3 (44... Rxb5 45. Rd8+) 45. Re5 h6 46. f4 Rb1+ 47. Kh2 gxf4 48. Rxf4 {Hoping for Bc4.} g5 49. Rd4 {Rf5 is the strong threat.} Rb7 {[#]} (49... Kg7 $11) 50. Rf5 (50. h4 $1 $16) 50... Kg7 $11 51. Rc5 Rb2 52. h4 gxh4 53. Rg4+ Kf6 54. Rxh4 Kg7 55. Rg4+ Kf6 56. Bd3 {White wants to play Rf5+.} R2xb4 57. Rc6+ (57. Rf5+ {with more complications.} Ke7 58. Rg7 Kf8 59. Rh7 Rh4+ 60. Kg1) 57... Ke5 {The position is equal.} 58. Rxb4 Rxb4 59. Rxh6 {[%mdl 4096] Endgame KRB-KRB} Be6 60. Rh5+ Kf6 61. Rh6+ Ke5 62. Be2 Rd4 63. Kg3 Rb4 64. Rh5+ Kf6 65. Ra5 Rd4 66. Ra6 Rb4 67. Kf2 Ke5 68. Bf3 Rb2+ 69. Kg3 Rb4 70. Ra1 Kf6 71. Rc1 Rd4 72. Re1 Bd5 73. Kf2 Bxf3 74. gxf3 {KR-KR} Ra4 75. Kg3 Ra6 76. Kf4 Ra4+ 77. Kg3 Ra6 78. Rh1 {Threatening mate with Rh6+.} Kg6 (78... Ra2 {seems wilder.} 79. Rh5 Kg7 80. Rg5+ Kf7 81. Rf5+ Ke8) 79. Rb1 Rc6 80. Kf4 Kf6 81. Rb4 Ra6 82. Kg4 Rc6 83. Rf4+ Kg6 84. Ra4 Rb6 85. Ra5 Rb4+ 86. f4 Rb6 87. Rg5+ Kf6 88. Rh5 Kg7 89. Rg5+ Kf6 90. Rh5 {White wants to mate with Rh6+.} Kg7 91. Kg5 Rb5+ 92. f5 Rb6 93. Rh4 Kf7 94. Re4 Ra6 95. Rb4 Rc6 96. Rb7+ Kf8 97. Rh7 Kg8 98. Re7 Kf8 99. Rb7 Ra6 100. f6 {Intending Kg6 and mate.} Ra1 101. Rb8+ {Precision: White = 55%, Black = 58%.} 1/2-1/2

[Event "ESP-chT Div Honor 2018"]
[Site "Linares"]
[Date "2018.08.09"]
[Round "4"]
[White "Moskalenko, Viktor"]
[Black "Moreno Tejera, Emilio"]
[Result "1-0"]
[WhiteElo "2504"]
[BlackElo "2429"]
[Annotator "TA"]
[PlyCount "49"]
[EventDate "2018.08.06"]
[EventType "team-tourn"]
[EventCountry "ESP"]
[SourceTitle "playchess.com"]
[Source "ChessBase"]
[SourceQuality "1"]

{[%evp 17,49,18,41,37,56,59,72,84,77,70,122,118,115,100,263,267,593,564,671,668,669,639,914,916,891,885,1190,1177,1040,837,2167,993,985,977]} 1. d4 {Meulders,R} f5 2. c4 Nf6 3. Nc3 d6 4. Bg5 Nbd7 5. Qc2 g6 6. h4 {A85: Holländische Verteidigung} Bg7 7. e3 c6 8. Nh3 Qa5 9. O-O-O Nf8 {LiveBook: 4 Partien} 10. Be2 Ne6 11. Kb1 Nxg5 $146 ({Vorgänger:} 11... Bd7 12. Bxf6 Bxf6 13. g4 {1-0 (30) Nakamura,H (2787)-Anton Guijarro,D (2639) Gibraltar 2016 CBM 171 [Meulders,R]}) 12. hxg5 Nd7 13. g4 {[%cal Bg2g4,Bg4f5,Bf5f6][%mdl 32]} Nb6 (13... Nf8 $14) 14. Nf4 e5 15. dxe5 dxe5 $2 {[#]} (15... Qxe5 $16 {ist eine bessere Verteidigung.} 16. Bd3 Bd7 17. gxf5 Bxf5) 16. Nh5 $18 gxh5 $2 (16... Kf7 17. Ng3 (17. Nxg7 Kxg7 18. gxf5 Bxf5 $16) 17... e4) 17. gxf5 {Weiß steht klar auf Gewinn.} Bd7 18. Bxh5+ Kd8 19. f6 Bf8 20. Bg4 Kc7 21. Bxd7 Rd8 22. Be6 Rxd1+ 23. Rxd1 e4 {[#]} 24. Nxe4 (24. Nb5+ $142 $1 {[%mdl 512]} cxb5 25. cxb5+ Nc4 26. Qxc4+ Kb6 27. Rc1 Qxa2+ 28. Kxa2 Bd6 29. Qd4+ Ka5 30. Qxa7+ Kb4 31. Rc4+ Kxb5 32. Bd7+ Kxc4 33. Qd4#) 24... Qe5 25. Bg4 {Precision: Weiß = 81%, Schwarz = 25%.} 1-0

[Event "ESP-chT Div Honor 2018"]
[Site "Linares"]
[Date "2018.08.09"]
[Round "4"]
[White "Paehtz, Elisabeth"]
[Black "Vega Gutierrez, Sabrina"]
[Result "1-0"]
[WhiteElo "2500"]
[BlackElo "2390"]
[Annotator "TA"]
[PlyCount "123"]
[EventDate "2018.08.06"]
[EventType "team-tourn"]
[EventCountry "ESP"]
[SourceTitle "playchess.com"]
[Source "ChessBase"]
[SourceQuality "1"]

{[%evp 24,123,17,19,37,33,44,42,44,52,49,42,39,16,52,52,54,1,14,0,0,0,0,0,0,-6,0,-4,0,0,0,0,0,0,0,0,0,0,0,0,0,0,0,0,0,0,4,4,4,0,0,0,14,0,0,0,21,22,77,60,53,43,125,112,179,178,241,183,210,191,208,208,223,198,687,682,612,617,738,742,727,721,724,714,718,718,691,675,668,628,639,661,635,556,437,480,696,665,1482,1434,5216,5181]} 1. e4 c5 2. Nf3 Nc6 3. Nc3 Nf6 4. Bb5 g6 5. Bxc6 dxc6 6. h3 Bg7 7. d3 Nd7 {[%cal Bf6d7,Bd7f8,Bf8e6,Be6d4][%mdl 32]} 8. Be3 e5 9. Qd2 Qe7 10. Bh6 Bxh6 11. Qxh6 f6 {B31: Sizilianisch (Rossolimo-Variante)} 12. Nd2 Nf8 (12... b6 13. O-O-O Ba6 14. g3 O-O-O 15. f4 Qf8 16. Qxf8 Rdxf8 17. f5 Rfg8 18. Ne2 Kd8 19. b3 {1-0 (34) Karjakin,S (2747)-Hracek,Z (2633) Khanty-Mansiysk 2010}) 13. Ne2 {LiveBook: 3 Partien} Ne6 {Die Stellung ist ausgeglichen.} 14. O-O-O Qf8 $146 ({Vorgänger:} 14... Bd7 15. Rdf1 O-O-O 16. f4 exf4 17. Nxf4 Rhf8 18. Rf2 Rf7 19. Rhf1 Nxf4 20. Qxf4 {1-0 (65) Tsygankov,E (2313)-Palm,W (2319) ICCF email 2012}) 15. Qe3 Nd4 16. f4 Qh6 17. Rdf1 Be6 18. Kb1 O-O-O 19. Nc1 b6 20. c3 (20. a4 $14) 20... Nb5 $1 $11 21. Rf3 exf4 22. Qxf4 Qxf4 23. Rxf4 f5 24. Rhf1 fxe4 25. Nxe4 Bf5 26. g4 Bxe4 27. Rxe4 Nd6 28. Re7 Rd7 29. Re6 Re8 30. Rxe8+ Nxe8 {[%mdl 4096] Endspiel KTS-KTS} 31. Kc2 Re7 32. Kd2 Kd7 33. Ne2 Nd6 34. b3 Nf7 35. Ng3 Nd6 36. Rf4 Rf7 37. Ke3 Re7+ 38. Kd2 Rf7 39. Ke3 Re7+ 40. Ne4 Nxe4 (40... Nf7 $11) 41. dxe4 {KT-KT} Ke6 $1 42. Rf8 c4 (42... Rg7 $1 $14) 43. bxc4 $16 Ke5 (43... Rg7 $16 {ist wohl besser.}) 44. h4 $18 c5 (44... a6 $142 45. Rb8 Rf7) 45. h5 gxh5 46. Rf5+ ({Finger weg von} 46. gxh5 $6 Rg7 $16) 46... Ke6 47. Rxh5 ({Lieber nicht} 47. gxh5 Rg7 $11) 47... Rf7 48. a4 Rg7 $2 (48... Rd7 49. e5 Rg7) 49. Kf4 {Weiß steht klar auf Gewinn.} Rf7+ {[#]} 50. Rf5 $1 {[%cal Rf5f7]} Rd7 51. Re5+ Kf6 52. Rd5 Rg7 53. Rd6+ Ke7 54. Rh6 Rf7+ 55. Ke5 Rg7 56. Kd5 Kd7 57. e5 Ke7 {[#]} 58. a5 $1 {[%mdl 512]} bxa5 59. Ra6 Ke8 (59... Rxg4 $142 60. Rxa5 a6 61. Rxa6 h5 62. Ra7+ Kf8 63. Kxc5 h4) 60. Rxa5 Rxg4 61. Rxa7 Rg6 62. Rxh7 {Precision: Weiß = 79%, Schwarz = 51%.} 1-0